000 00866nam a22002417a 4500
999 _c5579
_d5579
003 AR-CdUCM
008 190312b ||||| |||| 00| 0 spa d
040 _aMUNICIPALIDAD PROVINCIAL DEL CUSCO
_cBIBLIOTECA MUNICIPAL DEL CUSCO
082 _a985.009 /
_bC34
245 _aRamón Castilla; Nicolás de Pierola /
_bManuel Mujica Gallo; Enrique Chirinos Soto
260 _aLima :
_bUniversitaria,
_c1964.
300 _a156 páginas ;
_bilustraciones ;
_c19 cm.
440 _aBiblioteca hombres del Perú
_n : XVIII
_916698
500 _aDonación de la familia Nieto.
650 _aBiografías
_9148
650 _aRamón Castilla
_98385
650 _aNicolás de Pierola
_916699
650 _aHombres del Perú - Biografías
_92160
700 _a Mujica Gallo, Manuel
_99858
700 _aChirinos Soto, Enrique
_98275
942 _2ddc
_cLIBROS
945 _alccs